[Event "Bucharest-A"]
[Site "Bucharest"]
[Date "1994.??.??"]
[Round "?"]
[White "Nevednichy, Vladislav"]
[Black "Panchenko, Alexander N"]
[Result "1/2-1/2"]
[WhiteElo "2480"]
[BlackElo "2480"]

1.e4 c5 2.Nf3 d6 3.Bb5+ Bd7 4.Bxd7+ Nxd7 5.c4 Ngf6 6.Nc3 g6 7.O-O Bg7 8.d4 cxd4
9.Nxd4 O-O 10.Be3 a6 11.Rc1 Rc8 12.b3 Qa5 13.f3 e6 14.Nde2 Rfd8 15.Qd2 b5
16.cxb5 axb5 17.Rfd1 Nc5 18.Nd5 Qxd2 19.Nxf6+ Bxf6 20.Rxd2 b4 21.Rc4 Rb8
22.Nd4 Rb6 23.Nc2 Rdb8 24.Rd1 h5 25.f4 e5 26.g3 Kg7 27.Rd5 Re8 28.fxe5 Bxe5
29.Nxb4 Rb7 30.Nc6 Nd7 31.Nxe5 Nxe5 32.Bd4 Kh6 33.Bxe5 dxe5 34.Kf2 Ra8 35.Rc2 Rba7
36.Rdd2 f5 37.h4 Rb8 38.Ke3 Rb4 39.exf5 gxf5 40.Rc6+ Kg7 41.Rc5 Rg4 42.Kf3 e4+
43.Kf2 Rf7 44.Re2 f4 45.Rg5+ Kh6 46.Rxg4 e3+ 47.Kg1 hxg4 48.gxf4 Kh5 49.Rxe3 Kxh4
50.Kg2 Rxf4 51.Re2 Rf3 52.b4 Rg3+ 53.Kh1 Rd3 54.Kg2 Rg3+ 55.Kf1 Rf3+ 56.Rf2 Rc3
57.Kg2 Rg3+ 58.Kh2 Rh3+ 59.Kg1 Rc3 60.b5 g3 61.Rb2 Kh3 62.Rb1 Rc2 63.b6 Rg2+
64.Kf1 Rf2+ 65.Ke1 Rxa2 66.b7 g2 67.Rb3+ Kh4 68.Rg3 Rb2  1/2-1/2

[Event "Ciocaltea mem"]
[Site "Bucharest"]
[Date "1994.??.??"]
[Round "1"]
[White "Nevednichy, Vladislav"]
[Black "Marin, Mihail"]
[Result "1-0"]
[WhiteElo "2480"]
[BlackElo "2530"]

1.e4 c5 2.Nf3 d6 3.Bb5+ Bd7 4.Bxd7+ Qxd7 5.c4 Nc6 6.Nc3 Nf6 7.O-O e6 8.d4 cxd4
9.Nxd4 Be7 10.Be3 O-O 11.Qe2 Rac8 12.Rad1 b6 13.f4 a6 14.b3 Qb7 15.Kh1 Rfe8
16.Nxc6 Qxc6 17.Bd4 Nd7 18.Rd3 Bf8 19.Rh3 g6 20.Qf2 Bg7 21.Bxg7 Kxg7 22.f5 Qc5
23.Qf4 h5 24.fxe6 Ne5 25.e7 b5 26.Nd5 bxc4 27.Rxh5 gxh5 28.Qg5+ Ng6 29.Rxf7+ Kxf7
30.Qf6+ Kg8  1-0

[Event "Ciocaltea mem"]
[Site "Bucharest"]
[Date "1994.??.??"]
[Round "4"]
[White "Zaitsev, Igor A"]
[Black "Itkis, Boris"]
[Result "1-0"]
[WhiteElo "2430"]
[BlackElo "2475"]

1.e4 c5 2.Nf3 d6 3.Bb5+ Bd7 4.Bxd7+ Nxd7 5.O-O Ngf6 6.Qe2 e6 7.c3 Be7 8.d4 cxd4
9.cxd4 d5 10.e5 Ne4 11.Nbd2 Nxd2 12.Bxd2 O-O 13.Qb5 Rb8 14.Rac1 a6 15.Qb3 Qb6
16.Qa4 Qd8 17.Ba5 b6 18.Bd2 a5 19.Rc6 Rb7 20.Rfc1 Nb8 21.R1c2 h6 22.Qb5 Qd7
23.Qd3 Bd8 24.h4 Rc7 25.Rxc7 Bxc7 26.a4 Bd8 27.Qb5 f5 28.exf6 Qxb5 29.axb5 Bxf6
30.Bf4 Nd7 31.Bd6 Rd8 32.Rc7 Kf7 33.Ne5+ Bxe5 34.dxe5 Ke8 35.h5 Ra8 36.f4 Kd8
37.f5 exf5 38.e6 Nf6 39.Rxg7 Ne8 40.Rd7+ Kc8 41.Be5 a4 42.Rh7 Kd8 43.Bd4 a3
44.bxa3 Rxa3 45.Bxb6+ Kc8 46.Rh8 Kb7 47.Rxe8  1-0

[Event "Schneider mem"]
[Site "Budapest"]
[Date "1994.??.??"]
[Round "?"]
[White "Balenovic, Zvonimir"]
[Black "Farago, Sandor"]
[Result "1-0"]
[WhiteElo "2295"]
[BlackElo "2390"]

1.e4 c5 2.Nf3 d6 3.Bb5+ Nd7 4.O-O a6 5.Bxd7+ Bxd7 6.c3 e6 7.d4 cxd4 8.cxd4 Ne7
9.Nc3 Ng6 10.Bg5 Qb8 11.h4 h6 12.Be3 b5 13.Rc1 Be7 14.g3 Qb7 15.d5 e5 16.Nh2 h5
17.Qd2 Bh3 18.Rfe1 Qd7 19.Bg5 f6 20.Be3 Kf7 21.Rc2 Rac8 22.Rec1 b4 23.Nd1 Rxc2
24.Rxc2 Qb5 25.f3 Rc8 26.Nf2 Bd7 27.Rxc8 Bxc8 28.Qc2 Bd7 29.b3 Bd8 30.Kg2 Ne7
31.Nd3 a5 32.Nb2 Qa6 33.Nf1 Nc8 34.Nc4 Bb5 35.Nfd2 Qb7 36.f4 Qd7 37.Qd1 g6
38.f5 Kg7 39.g4 hxg4 40.Qxg4 Qf7 41.Kh2 Bd7 42.Nf1 Bc7 43.Ng3 Ne7 44.h5 g5
45.Bxg5 Kh7 46.Be3 Bb5 47.Bb6 Bxb6 48.Nxd6 Qf8 49.Nxb5 Be3 50.d6 Ng8 51.Qg6+ Kh8
52.d7 Bf4 53.h6 Bxh6 54.Qe8  1-0

[Event "Budapest FS06 IM-B"]
[Site "Budapest"]
[Date "1994.??.??"]
[Round "1"]
[White "Nielsen, Soren Holst"]
[Black "Horvath, Imre"]
[Result "0-1"]
[WhiteElo "2225"]
[BlackElo "2390"]

1.e4 c5 2.Nf3 d6 3.Bb5+ Nd7 4.O-O a6 5.Bxd7+ Bxd7 6.c4 e5 7.d3 h6 8.Nc3 Nf6
9.a3 b5 10.b4 Qc7 11.Qe2 Be7 12.Bb2 O-O 13.Rac1 bxc4 14.dxc4 Rfc8 15.Nd5 Nxd5
16.exd5 Rab8 17.Ba1 cxb4 18.axb4 Rxb4 19.c5 Bb5 20.Qd2 Bxf1 21.Qxb4 Be2 22.c6 f5
23.Rb1 Bb5 24.Nh4 Bd3 25.Rd1 Bc2 26.Rc1 Rb8 27.Qe1 Be4 28.f4 Bxh4 29.Qxh4 Bxd5
30.fxe5 dxe5 31.Qf2 Qxc6 32.Rxc6 Rb1+ 33.Qf1 Rxf1+ 34.Kxf1 Bxc6 35.Bxe5 a5
36.g3 a4 37.Bd6 Kf7 38.Kf2 g5 39.Ke3 h5 40.h4 gxh4 41.gxh4 Ke6 42.Bg3 Kd5
43.Kf4 Kc4  0-1

[Event "Budapest Spring op"]
[Site "Budapest"]
[Date "1994.??.??"]
[Round "2"]
[White "Szitas, Gabor"]
[Black "Lugovoi, Aleksei"]
[Result "0-1"]
[WhiteElo "2275"]
[BlackElo "2425"]

1.e4 c5 2.Nf3 d6 3.Bb5+ Bd7 4.Bxd7+ Nxd7 5.O-O Ngf6 6.Re1 e6 7.c3 Be7 8.d4 O-O
9.Nbd2 b5 10.Nf1 d5 11.Ng3 dxe4 12.Nxe4 Nxe4 13.Rxe4 Nf6 14.Re1 Nd5 15.a4 a6
16.Ne5 Qc7 17.Qg4 Bf6 18.Nf3 cxd4 19.Nxd4 b4 20.Bd2 bxc3 21.bxc3 Rac8 22.Rac1 Qc4
23.Re4 Qd3 24.Qe2 Qxe2 25.Nxe2 Nb6 26.Rb4 Nc4 27.Be1 Rfd8 28.g3 Rd7 29.Rcb1 h5
30.Rb8 Rxb8 31.Rxb8+ Kh7 32.Rb1 g5 33.Kg2 e5 34.Rb4 Rc7 35.Rb8 Rc6 36.Nc1 Rd6
37.Rb4 Na3 38.Re4 Bg7 39.Re2 f5 40.Nb3 Rb6 41.Na5 Rb1 42.Ra2 Rxe1 43.Rxa3 e4
44.Nc4 Rc1 45.Ne3 f4 46.gxf4 gxf4 47.Nd5 f3+ 48.Kg3 Be5+ 49.Kh4 Rc2 50.Rb3 Rxf2
51.Rb7+ Kg6 52.Rb6+ Kf7 53.Kg5 Rd2 54.Ne3 Rd3 55.Nc4 Bxh2 56.Kf5 f2  0-1

[Event "Budapest FS02 IM-B"]
[Site "Budapest"]
[Date "1994.??.??"]
[Round "3"]
[White "Pavasovic, Dusko"]
[Black "Tornai, Imre"]
[Result "1-0"]
[WhiteElo "2320"]
[BlackElo "2245"]

1.e4 c5 2.Nf3 d6 3.Bb5+ Bd7 4.Bxd7+ Qxd7 5.O-O Nc6 6.c3 g6 7.d4 cxd4 8.cxd4 Bg7
9.Nc3 Nf6 10.d5 Ne5 11.Nxe5 dxe5 12.f4 exf4 13.Bxf4 Nh5 14.Be3 O-O 15.Qe2 Be5
16.Bh6 Qd6 17.g3 Rfc8 18.Rf3 a6 19.Raf1 f6 20.Bf4 b5 21.Bxe5 Qxe5 22.Qd3 Rc4
23.Rd1 Rd8 24.a4 Rb4 25.Rf2 Ng7 26.axb5 axb5 27.Qe3 Ne8 28.Qb6 Qd6 29.Qa7 Rc8
30.Ra1 Qc5 31.Qxc5 Rxc5 32.Ra8 Kf7 33.e5 Nc7 34.Rc8 Kg7 35.d6 exd6 36.exf6+ Kf7
37.Rh8 Rh5 38.Rd8 Ne8 39.Rd7+ Kf8 40.f7  1-0

[Event "Budapest FS06 GM"]
[Site "Budapest"]
[Date "1994.??.??"]
[Round "5"]
[White "Pavasovic, Dusko"]
[Black "Soffer, Ram"]
[Result "1/2-1/2"]
[WhiteElo "2320"]
[BlackElo "2520"]

1.e4 c5 2.Nf3 d6 3.Bb5+ Nd7 4.d4 Nf6 5.Nc3 a6 6.Bxd7+ Nxd7 7.Bg5 h6 8.Bh4 g5
9.Bg3 Bg7 10.O-O g4 11.Nh4 Bxd4 12.Nf5 Bxc3 13.bxc3 Nf6 14.Be5 Bxf5 15.Bxf6 exf6
16.exf5 h5 17.Re1+ Kf8 18.Qd5 Qd7 19.Rab1 Qc6 20.Qxc6 bxc6 21.Rb7 Kg7 22.Ree7 Rhf8
23.Kf1 Rae8 24.Rxe8 Rxe8 25.Rc7 Re4 26.Rxc6 Ra4 27.Rxd6 Rxa2 28.Rc6 Rxc2
29.Rxc5 Rc1+ 30.Ke2 Rh1 31.g3 Rxh2 32.Ra5 h4 33.Ra4 hxg3 34.Rxg4+ Kf8 35.Rxg3 Rh4
36.Rd3 Re4+ 37.Kf3 Rc4 38.Rd6 Rxc3+ 39.Kg4 Rc4+ 40.f4  1/2-1/2

[Event "Budapest FS02 IM-B+"]
[Site "Budapest"]
[Date "1994.??.??"]
[Round "6"]
[White "Menacher, Manfred"]
[Black "Todor, Razvan"]
[Result "1/2-1/2"]
[WhiteElo "2340"]
[BlackElo "2305"]

1.e4 c5 2.Nf3 d6 3.Bb5+ Bd7 4.Bxd7+ Nxd7 5.O-O Ngf6 6.Qe2 g6 7.b3 Bg7 8.Bb2 O-O
9.c4 e5 10.Nc3 a6 11.Ne1 Nh5 12.g3 f5 13.exf5 Rxf5 14.Ng2 Rf7 15.d3 Qf8 16.Ne4 Bh6
17.Bc1 Bxc1 18.Raxc1 Re8 19.Ne3 h6 20.Qg4 Kh7 21.Nd5 Ndf6 22.Ndxf6+ Nxf6
23.Qh3 Kg7 24.Rce1 Nh5 25.Re3 Qe7 26.Nc3 Qe6 27.Qxe6 Rxe6 28.Rfe1 g5 29.h3 Kf8
30.Kg2 Ke8 31.R1e2 Kd7 32.Nd5 Ng7 33.Rf3 Nf5 34.Re4 Ke8 35.h4 Nd4 36.Rxf7 Kxf7
37.Rg4 Rg6 38.Nc3 Ke6 39.hxg5 hxg5 40.Nd5 Rg7 41.Nc3 Rg6 42.f4 exf4 43.gxf4 Kf5
44.Rxg5+ Rxg5+ 45.fxg5 Kxg5 46.Ne4+ Kf4 47.Nxd6 Ke3 48.Nxb7 Ne6 49.Na5 Nf4+
50.Kg3 Nxd3 51.Kg4 Kd4 52.Kf5 Nc1 53.Ke6 Nxa2 54.Kd6 Nc1 55.b4 Nd3 56.b5 axb5
57.cxb5 c4 58.b6 Nb4 59.b7 Na6 60.Nc6+ Ke3 61.Nb4 c3 62.Nxa6 c2 63.b8=Q c1=Q
64.Nc7 Qa3+ 65.Ke6 Kd2 66.Nd5 Qh3+ 67.Ke5 Qh5+ 68.Kd4 Qg4+ 69.Nf4 Qg1+ 70.Ke4 Qe3+
71.Kf5 Qc5+ 72.Kf6 Qd4+ 73.Kg6 Qg1+ 74.Kf7 Qd4 75.Qc7 Kd1  1/2-1/2

[Event "Budapest Spring op"]
[Site "Budapest"]
[Date "1994.??.??"]
[Round "7"]
[White "Horvath, Imre"]
[Black "Hocevar, Nikola"]
[Result "1-0"]
[WhiteElo "2390"]
[BlackElo "2270"]

1.e4 c5 2.Nf3 d6 3.Bb5+ Bd7 4.Bxd7+ Qxd7 5.O-O Nc6 6.c3 Nf6 7.d4 cxd4 8.cxd4 g6
9.Nc3 Bg7 10.d5 Ne5 11.Nxe5 dxe5 12.Be3 O-O 13.f3 Rfc8 14.Rc1 Bf8 15.Qb3 Ne8
16.Nb5 a6 17.Na3 b5 18.Nc2 e6 19.dxe6 Qxe6 20.Qxe6 fxe6 21.Rfd1 Rc4 22.b3 Rc3
23.Bd2 Rd3 24.Ne1 Rdd8 25.Ba5 Rxd1 26.Rxd1 Rc8 27.Rd8 Rxd8 28.Bxd8 Bc5+ 29.Kf1 Kf7
30.Nd3 Bd6 31.Ba5 Nf6 32.Bb4 Bc7 33.Nc5 a5 34.Na6 Bb6 35.Bd6 Nd7 36.Nb8 Bc5
37.Bc7 Nxb8 38.Bxb8 Bd4 39.Bc7 Bc3 40.Ke2 a4 41.bxa4 bxa4 42.Kd3 Bb2 43.Kc4 Ke7
44.Kb5 Kd7 45.Ba5 a3 46.Bb4 h5 47.h3 Bc1 48.Bc3 Bb2 49.Bd2 Ke7 50.Kc4 Kf6
51.Kb3 g5 52.g4  1-0

[Event "Budapest FS03 GM"]
[Site "Budapest"]
[Date "1994.??.??"]
[Round "8"]
[White "Margolin, Boris"]
[Black "Dinstuhl, Volkmar"]
[Result "1-0"]
[WhiteElo "2385"]
[BlackElo "2365"]

1.e4 c5 2.Nf3 d6 3.Bb5+ Nc6 4.O-O Bd7 5.Re1 Nf6 6.h3 a6 7.Bf1 e6 8.c3 Be7
9.d3 O-O 10.a3 b5 11.b4 cxb4 12.axb4 a5 13.bxa5 Nxa5 14.Nbd2 Qc7 15.Bb2 Bc6
16.Nd4 Bd7 17.Qe2 Nb7 18.Rec1 Nc5 19.Ba3 Ra4 20.Nc2 Qc6 21.g3 Qa8 22.Bg2 Bc6
23.f3 Nh5 24.Kh2 Bg5 25.Bxc5 dxc5 26.f4 Nxf4 27.gxf4 Bxf4+ 28.Kg1 b4 29.Rf1 e5
30.Nc4 b3 31.Rxa4 Qxa4 32.N2e3 Rb8 33.Rb1 b2 34.Kf2 f5 35.Rxb2 Rf8 36.Ra2 Qb3
37.exf5 Bxg2 38.Kxg2 Qb7+ 39.Qf3 Qe7 40.Ra8  1-0

[Event "Budapest FS04 IM-B"]
[Site "Budapest"]
[Date "1994.??.??"]
[Round "9"]
[White "Vujosevic, Vladimir"]
[Black "Horvath, Imre"]
[Result "1/2-1/2"]
[WhiteElo "2355"]
[BlackElo "2390"]

1.e4 c5 2.Nf3 d6 3.Bb5+ Nd7 4.c3 Nf6 5.Qe2 a6 6.Ba4 b5 7.Bc2 e5 8.d4 g6 9.dxe5 dxe5
10.O-O Bg7 11.a4 Rb8 12.axb5 axb5 13.Rd1 Qc7 14.Na3 c4  1/2-1/2

[Event "Budapest Spring op"]
[Site "Budapest"]
[Date "1994.??.??"]
[Round "9"]
[White "Margolin, Boris"]
[Black "Videki, Sandor"]
[Result "1-0"]
[WhiteElo "2385"]
[BlackElo "2405"]

1.e4 c5 2.Nf3 d6 3.Bb5+ Nd7 4.c3 Nf6 5.Qe2 a6 6.Ba4 e5 7.d4 Qc7 8.O-O g6
9.Bc2 Bg7 10.dxe5 dxe5 11.a4 b6 12.Na3 O-O 13.Rd1 Bb7 14.Nd2 Bh6 15.Nf1 Bxc1
16.Raxc1 Nh5 17.Qd2 Bc6 18.Qd6 Qb7 19.Nc4 Rfe8 20.Nfe3 Nf4 21.Qd2 Qc7 22.g3 Ne6
23.Qd6 Qb7 24.Nd5 Bxd5 25.Qxd5 Qxd5 26.Rxd5 Nef8 27.Rcd1 Ra7 28.Rd6 b5 29.Na5 Re6
30.Rc6 Kg7 31.Rdd6 c4 32.Rd5 Nb6 33.axb5 Nxd5 34.exd5 Ree7 35.b6 Rad7 36.b7 Rxb7
37.Nxb7 Rxb7 38.Rxc4 Rxb2 39.Ba4 Rb6 40.Rc5 f5 41.Rc7+ Kf6 42.Be8 e4 43.Rf7+ Ke5
44.Rxf8 Rb8 45.Kg2 a5 46.d6 Kxd6 47.Rg8 Rc8 48.Bf7 Rxc3 49.Ra8 Rc2 50.Kf1 g5
51.Rxa5 f4 52.Ra2 Rc1+ 53.Kg2 Ke5 54.Ra5+ Kf6 55.Bd5 Re1 56.Ra6+ Ke5 57.Ra5 Kf6
58.h4 h6 59.h5 f3+ 60.Kh3 Re2 61.Kg4 Re1 62.Bc4  1-0

[Event "Budapest FS10 IM-B"]
[Site "Budapest"]
[Date "1994.??.??"]
[Round "10"]
[White "Backelin, Rikard"]
[Black "Stocek, Jiri"]
[Result "0-1"]
[WhiteElo "2290"]
[BlackElo "2350"]

1.e4 c5 2.Nf3 d6 3.Bb5+ Nd7 4.d4 Nf6 5.Nc3 a6 6.Bxd7+ Nxd7 7.O-O e6 8.dxc5 Nxc5
9.Bg5 Qc7 10.Qd4 f6 11.Bh4 Nd7 12.Rad1 Ne5 13.Nd2 g5 14.Bg3 Bd7 15.Na4 Rd8
16.Nb6 Bb5 17.c4 Bc6 18.a4 h5 19.a5 h4 20.Bxe5 dxe5 21.Qc3 h3 22.g3 Qd6 23.Qf3 Be7
24.Nd5 exd5 25.exd5 f5 26.Qxf5 Bd7 27.Qc2 O-O 28.c5 Qh6 29.d6 Bf6 30.Qb3+ Rf7
31.Qxb7 Bb5 32.Qd5 Bxf1 33.Nxf1 Rc8 34.c6 Bd8 35.Ne3 Qh5 36.g4 Qh4 37.f3 Kf8
38.d7 Rc7 39.Qd6+ Kg7 40.Qxe5+ Kg8 41.Rd6 Qe1+ 42.Nf1  0-1

[Event "Budapest FS06 IM-B"]
[Site "Budapest"]
[Date "1994.??.??"]
[Round "11"]
[White "Horvath, Imre"]
[Black "Cicak, Slavko"]
[Result "0-1"]
[WhiteElo "2390"]
[BlackElo "2310"]

1.e4 c5 2.Nf3 d6 3.Bb5+ Nc6 4.O-O Bd7 5.Re1 Nf6 6.c3 a6 7.Bf1 Bg4 8.h3 Bh5
9.d3 e6 10.Nbd2 Be7 11.g4 Bg6 12.Bg2 Nd7 13.Nf1 O-O 14.d4 cxd4 15.Nxd4 Nxd4
16.cxd4 e5 17.Ne3 Bf6 18.dxe5 dxe5 19.Nd5 Nb6 20.Qb3 Nxd5 21.exd5 b5 22.Bd2 Rc8
23.Rac1 Rxc1 24.Rxc1 h5 25.Rc6 hxg4 26.hxg4 e4 27.Be3 Qa5 28.g5 Be5 29.Rxg6 Qe1+
30.Bf1 fxg6 31.d6+ Kh7 32.Qe6 Bf4 33.Qe7 Rf5 34.d7 Bxe3  0-1

[Event "Budapest FS10 GM"]
[Site "Budapest"]
[Date "1994.??.??"]
[Round "11"]
[White "Shvartz, Miroslav"]
[Black "Sulskis, Sarunas"]
[Result "0-1"]
[WhiteElo "2395"]
[BlackElo "2455"]

1.e4 c5 2.Nf3 d6 3.Bb5+ Nd7 4.d4 cxd4 5.Qxd4 Nf6 6.O-O a6 7.Bxd7+ Bxd7 8.Bg5 h6
9.Bxf6 gxf6 10.c4 Rg8 11.Nc3 e6 12.Rfe1 Be7 13.Rad1 Rc8 14.b3 Qa5 15.e5 fxe5
16.Nxe5 Bc6 17.Nxc6 Rxc6 18.Ne4 Kd8 19.a4 Kc8 20.Qe3 Qh5 21.g3 Rd8 22.Nc3 Rd7
23.Rd3 Bd8 24.Red1 Bb6 25.Qf4 Bc7 26.Qe3 Bd8 27.Ne2 Bb6 28.Qd2 Qg5 29.Nd4 Rc5
30.Kg2 Qxd2 31.R3xd2 d5 32.cxd5 Rdxd5 33.Ne2 Rxd2 34.Rxd2 Kc7 35.Nd4 Rc3
36.b4 Rc4 37.Nf3 Rxb4 38.Ne5 f6 39.Rc2+ Kd8 40.Nf7+ Ke7 41.Nxh6 f5 42.h3 Kf6
43.g4 Kg7 44.g5 Bd8  0-1

[Event "Buenos Aires PRENAJ"]
[Site "Buenos Aires"]
[Date "1994.??.??"]
[Round "2"]
[White "Olivieri, Martin"]
[Black "Adla, Diego"]
[Result "1-0"]
[WhiteElo "2270"]
[BlackElo "2415"]

1.Nf3 c5 2.e4 d6 3.Bb5+ Bd7 4.Bxd7+ Nxd7 5.c4 Ngf6 6.Nc3 e6 7.O-O Be7 8.d3 O-O
9.Bf4 Qc7 10.Qe2 Rfe8 11.h3 Ne5 12.a3 Nc6 13.Rab1 Qd7 14.b4 Rac8 15.Rfc1 g6
16.Qd2 Nh5 17.Bh2 Red8 18.b5 Nd4 19.Nxd4 cxd4 20.Ne2 d5 21.cxd5 exd5 22.e5 Bxa3
23.Rxc8 Rxc8 24.Nxd4 Ng7 25.Nc2 Bc5 26.d4 Bb6 27.Ne3 Nf5 28.Ng4 Qe6 29.Nf6+ Kg7
30.Bf4 Nxd4 31.Bh6+ Kh8 32.Be3 Qf5 33.Rd1 Rc2 34.Qd3 Ne2+ 35.Kf1 Ng3+ 36.Kg1 Bxe3
37.Qxe3 Ne2+ 38.Kf1 Kg7 39.Rxd5 Nf4 40.Ne8+ Kh6 41.Nd6  1-0

[Event "Buenos Aires PRENAJ"]
[Site "Buenos Aires"]
[Date "1994.??.??"]
[Round "4"]
[White "De las Heras, Juan Carlos"]
[Black "Llanos, Guillermo"]
[Result "0-1"]
[WhiteElo "2320"]
[BlackElo "2365"]

1.e4 c5 2.Nf3 d6 3.Bb5+ Nd7 4.c3 Nf6 5.Qe2 a6 6.Ba4 b5 7.Bc2 e5 8.d4 Be7
9.O-O O-O 10.Rd1 Qc7 11.dxe5 dxe5 12.Nbd2 Bb7 13.Nf1 Rfe8 14.Ng3 g6 15.h3 Bf8
16.Nh2 c4 17.Bg5 Bg7 18.Qf3 Qc6 19.Ng4 Nxg4 20.hxg4 Nc5 21.Rd2 Ne6 22.Be3 Rad8
23.Rad1 Qc7 24.g5 Bf8 25.Qg4 Rxd2 26.Rxd2 Rd8 27.Nf1 Be7 28.Nh2 Bc6 29.Qh4 Nxg5
30.Bxg5 Rxd2 31.Bxe7 Rxc2  0-1

[Event "Buenos Aires PRENAJ"]
[Site "Buenos Aires"]
[Date "1994.??.??"]
[Round "4"]
[White "Moreno, Javier"]
[Black "Adla, Diego"]
[Result "0-1"]
[WhiteElo "2220"]
[BlackElo "2415"]

1.e4 c5 2.Nf3 d6 3.Bb5+ Bd7 4.Bxd7+ Nxd7 5.O-O Ngf6 6.Qe2 e6 7.c3 Be7 8.d4 O-O
9.e5 Ne8 10.exd6 Nxd6 11.dxc5 Nxc5 12.c4 Rc8 13.Bf4 Bf6 14.Be5 Bxe5 15.Nxe5 Nde4
16.Na3 Qd6 17.Nf3 Qd3 18.Rfe1 Qxe2 19.Rxe2 Rfd8 20.b4 Nd3 21.Rc2  0-1

[Event "ESP-chT"]
[Site "Cala Galdana"]
[Date "1994.??.??"]
[Round "?"]
[White "Mellado Trivino, Juan"]
[Black "Martin Gonzalez, A."]
[Result "1/2-1/2"]
[WhiteElo "2395"]
[BlackElo "2420"]

1.e4 c5 2.Nf3 d6 3.Bb5+ Nc6 4.O-O Bd7 5.c4 g6 6.d4 cxd4 7.Bxc6 Bxc6 8.Qxd4 Nf6
9.Nc3 Bg7 10.Bg5 O-O 11.Qd3 Nd7 12.Nd4 Nc5 13.Qe3 Bxd4 14.Qxd4 Ne6 15.Qe3 Nxg5
16.Qxg5 f5 17.exf5 Rxf5 18.Qe3 Qd7 19.Rae1 Re8 20.Re2 Re5 21.Qd4 Rxe2 22.Nxe2 Qf5
23.Nc3 a6 24.Nd1 Qe4 25.Qxe4 Bxe4 26.Ne3 Rc8 27.Rc1 g5 28.Rc3 Kf7 29.f3 Bc6
30.Kf2 e6 31.Nc2 Bd7 32.Ke3 Ke7 33.Nd4 Rc5 34.b4 Rc8 35.Nb3 e5 36.Nd2 d5
37.Rc1 Be6 38.c5 d4+ 39.Kd3 Bxa2 40.Re1 Ke6 41.f4 gxf4 42.Nf3 Rd8 43.Rxe5+ Kf6
44.Rh5 Bb1+ 45.Kc4 Bg6 46.Rh4 Bf7+ 47.Kd3 Bg6+ 48.Kc4 Bf7+  1/2-1/2

[Event "Calcutta op2"]
[Site "Calcutta"]
[Date "1994.??.??"]
[Round "?"]
[White "Das, Dipanjan"]
[Black "Suvrajit, Saha"]
[Result "1-0"]
[WhiteElo "2170"]
[BlackElo "2320"]

1.e4 c5 2.Nf3 d6 3.Bb5+ Bd7 4.Bxd7+ Qxd7 5.O-O Nc6 6.Re1 g6 7.c3 Bg7 8.d4 cxd4
9.cxd4 e5 10.Nc3 exd4 11.Nb5 Nge7 12.Bf4 O-O 13.Nxd6 Nc8 14.Nb5 Nb6 15.e5 d3
16.Nd6 Nd5 17.Bg3 Ndb4 18.Re4 Qe6 19.Qd2 Nxa2 20.Ra4 Nab4 21.Rxb4 Nxb4 22.Qxb4 b6
23.Rd1 Rfd8 24.Rxd3 Rac8 25.h3 Rc4 26.Qa3 Rc7 27.Ng5 Qe7 28.Ngxf7 Rf8 29.Rf3 Qe6
30.Ng5 Qd5 31.Rd3 Qc6 32.Qb3+ Kh8 33.Ngf7+ Rfxf7 34.Nxf7+ Rxf7 35.Qxf7 Qc8
36.Rd7 Qc1+ 37.Kh2 Qh6 38.Rd8+ Bf8 39.Rxf8+  1-0

[Event "ESP-ch"]
[Site "Canete"]
[Date "1994.??.??"]
[Round "?"]
[White "Perez Pardo, Juan Carlos"]
[Black "Martin Gonzalez, A."]
[Result "0-1"]
[WhiteElo "2335"]
[BlackElo "2420"]

1.e4 c5 2.Nf3 d6 3.Bb5+ Nc6 4.O-O Bd7 5.c3 a6 6.Bxc6 Bxc6 7.Re1 Nf6 8.d4 Bxe4
9.Bg5 Bd5 10.Nbd2 cxd4 11.c4 Bc6 12.Bxf6 gxf6 13.Nxd4 h5 14.Nxc6 bxc6 15.Ne4 Kd7
16.Qa4 f5 17.Nc5+ Kc7 18.Rad1 a5 19.Nb3 Qd7 20.c5 d5 21.Nxa5 Rg8 22.Qf4+ Kd8
23.b4 Rg5 24.Qd2 Rb8 25.a3 Bg7 26.f3 Rg6 27.Nc4 Qc7 28.Qc2 Qf4 29.Qe2 Re6
30.Ne3 Bc3 31.g3 Qe5 32.Nxd5 Qxe2 33.Rxe2 cxd5 34.Rxd5+ Kc7 35.Rc2 Bf6 36.Kf2 h4
37.Rcd2 hxg3+ 38.hxg3 Rh8 39.Kg2 Bc3 40.Rc2 Kc6 41.Rxf5 Bd4 42.Rd2 Rf6 43.Rxf6+ Bxf6
44.Rd3 Ra8 45.Rb3 Kb5 46.f4 Kc4 47.Re3 Ra7 48.g4 Bb2 49.b5 Kxc5 50.a4 Rxa4
51.Rxe7 Rxf4 52.g5 Kd6 53.Ra7 Ke6 54.b6 Rg4+ 55.Kf3 Rxg5 56.b7 Rb5 57.Ra6+ Ke7
58.Ra7 Kf6  0-1

[Event "Casablanca"]
[Site "Casablanca"]
[Date "1994.??.??"]
[Round "7"]
[White "David, Alberto"]
[Black "Efimov, Igor"]
[Result "1-0"]
[WhiteElo "2400"]
[BlackElo "2465"]

1.e4 c5 2.Nf3 d6 3.Bb5+ Bd7 4.Bxd7+ Nxd7 5.b3 Ngf6 6.Qe2 e6 7.O-O Be7 8.Bb2 O-O
9.c4 d5 10.cxd5 exd5 11.e5 Ng4 12.d4 Re8 13.h3 Nh6 14.Rd1 cxd4 15.Bxd4 Rc8
16.Nc3 Nf8 17.Qb5 Rc7 18.Nxd5 a6 19.Qa5 Rc6 20.Bb6 Qb8 21.Nxe7+ Rxe7 22.Rd8 Rc8
23.Rxc8 Qxc8 24.Bc5 Rd7 25.Bxf8 Qxf8 26.Qa4 Qd8 27.Qe4 g6 28.g4 Kg7 29.Re1 Ng8
30.h4 Re7 31.h5 Kh8 32.Ng5 f6 33.exf6 Rd7 34.f7 Nf6 35.Qe8+ Nxe8 36.f8=Q+  1-0

[Event "Catania op"]
[Site "Cattolica"]
[Date "1994.??.??"]
[Round "9"]
[White "Sedina, Elena"]
[Black "Marinelli, Tullio"]
[Result "1/2-1/2"]
[WhiteElo "2335"]
[BlackElo "2375"]

1.e4 c5 2.Nf3 d6 3.Bb5+ Bd7 4.Bxd7+ Nxd7 5.c4 Ngf6 6.Nc3 g6 7.d4 cxd4 8.Nxd4 Nc5
9.f3 Bg7 10.Be3 O-O 11.O-O a6 12.Qd2 Rb8 13.Rfd1 Qe8 14.Bh6 Bxh6 15.Qxh6 Na4
16.Nxa4 Qxa4 17.b3 Qa5 18.Qd2 Qe5 19.a4 Rfc8 20.Rac1 Kg7 21.Ne2 Nd7 22.Nc3 Nc5
23.Rb1 Rc6 24.Nd5 e6 25.Nb4 Rb6 26.a5 Nxe4 27.fxe4 Qc5+ 28.Qd4+ Qxd4+ 29.Rxd4 Rxb4
30.Rxd6 b6 31.axb6 R8xb6 32.Rxb6 Rxb6 33.b4 Kf6 34.Kf2 Ke5 35.Ke3 a5 36.b5 Kd6
37.Kd4 e5+ 38.Kc3 Kc5 39.Ra1 Rd6 40.Rxa5 Rd4 41.b6+ Kxb6 42.Rxe5 Rd1 43.Re7 Rf1
44.Kd4 Kc6 45.Ke5 h5 46.h4 Rf2 47.g3 Rf3 48.Ra7 Kc5 49.Rc7+ Kb6 50.Rd7 Kc5
51.Rd6 Rxg3 52.Rf6 Rg4 53.Rxf7 Rxh4 54.Rc7+ Kb6 55.Rg7 Kc5 56.Rxg6 Kxc4 57.Rg3 Rh1
58.Ke6 h4 59.Rg5 h3 60.Rh5 h2 61.e5 Kd4 62.Kd6 Ke4 63.Ke7  1/2-1/2

[Event "FRA-ch"]
[Site "Chambery"]
[Date "1994.??.??"]
[Round "?"]
[White "Prie, Eric"]
[Black "Santo Roman, Marc"]
[Result "0-1"]
[WhiteElo "2475"]
[BlackElo "2420"]

1.e4 c5 2.Nf3 d6 3.Bb5+ Nd7 4.d4 Nf6 5.Nc3 a6 6.Bxd7+ Nxd7 7.d5 g6 8.Bf4 Bg7
9.Qd2 h6 10.O-O g5 11.Bg3 O-O 12.h4 f6 13.Nd1 Qe8 14.Ne3 Ne5 15.Bxe5 fxe5
16.hxg5 Qh5 17.Qd1 Rf4 18.gxh6 Bxh6 19.Nd2 Qg5 20.Qe2 Bd7 21.Rae1 Raf8 22.f3 Rh4
23.g4 Rh3 24.Qf2 Qf4 25.Re2 Bg5 26.Rd1 Rf7 27.Nef1 Rfh7 28.Qg2 R7h4 29.Rf2 Qf6
30.Ng3 Be3 31.Ndf1 Qf4 32.Rd3 Bxf2+ 33.Qxf2 Bb5 34.Qg2 Bxd3 35.cxd3 Qc1 36.Qf2 Rh2  0-1

[Event "USA-op"]
[Site "Chicago"]
[Date "1994.??.??"]
[Round "4"]
[White "Curdo, John"]
[Black "Byrne, Robert E"]
[Result "1-0"]
[WhiteElo "2315"]
[BlackElo "2445"]

1.e4 c5 2.Nf3 d6 3.Bb5+ Nd7 4.d4 Nf6 5.e5 Qa5+ 6.Nc3 Ne4 7.Bd2 Nxc3 8.Bxd7+ Bxd7
9.Bxc3 Qa6 10.d5 e6 11.Ng5 dxe5 12.Qf3 f6 13.dxe6 Bc6 14.Qf5 Be7 15.O-O-O g6
16.Qh3 fxg5 17.Bxe5 O-O 18.Qh6 Rf6 19.h4 Qxa2 20.Qxh7+ Kxh7 21.hxg5+ Kg8
22.gxf6  1-0

[Event "CZE-ch (Women)"]
[Site "Chrudim"]
[Date "1994.??.??"]
[Round "5"]
[White "Hallerova, Eva"]
[Black "Houskova, M."]
[Result "1/2-1/2"]
[WhiteElo "2155"]
[BlackElo "1890"]

1.e4 c5 2.Nf3 d6 3.Bb5+ Bd7 4.Bxd7+ Nxd7 5.O-O Ngf6 6.Re1 e6 7.c3 Be7 8.d4 cxd4
9.cxd4 O-O 10.Nc3 Nb6 11.Bg5 d5 12.e5 Ne8 13.Bxe7 Qxe7 14.Rc1 Qb4 15.Qb3 Qxb3
16.axb3 Nc7 17.Na4 Na6 18.Rc3 Nb4 19.h3 Rfc8 20.Rec1 Rc6 21.Rxc6 Nxc6 22.Rc5 Nd7
23.Rc3 Kf8 24.b4 Ke8 25.b5 Na5 26.Nd2 b6 27.Nf3 Nc4 28.Rc2  1/2-1/2

[Event "CZE-ch (Women)"]
[Site "Chrudim"]
[Date "1994.??.??"]
[Round "7"]
[White "Hallerova, Eva"]
[Black "Ticha, H."]
[Result "1/2-1/2"]
[WhiteElo "2155"]
[BlackElo "1965"]

1.Nf3 d6 2.e4 c5 3.Bb5+ Bd7 4.Bxd7+ Nxd7 5.O-O Ngf6 6.Re1 e6 7.c3 Be7 8.d4 O-O
9.Bg5 cxd4 10.cxd4 d5 11.e5 Ne4 12.Bxe7 Qxe7 13.Nbd2 Nxd2 14.Qxd2 Rfc8 15.Rac1  1/2-1/2

[Event "Clichy"]
[Site "Clichy"]
[Date "1994.??.??"]
[Round "4"]
[White "Shirazi, Kamran G"]
[Black "Typek, Konrad"]
[Result "0-1"]
[WhiteElo "2395"]
[BlackElo "2410"]

1.e4 c5 2.Nf3 d6 3.Bb5+ Bd7 4.a4 a6 5.Bxd7+ Nxd7 6.a5 Ngf6 7.Qe2 e6 8.Nc3 Be7
9.d3 O-O 10.O-O Qc7 11.Bf4 Rad8 12.h3 Rfe8 13.Rfe1 h6 14.Ra4 Bf8 15.e5 dxe5
16.Nxe5 Bd6 17.Nxd7 Rxd7 18.Bd2 Qc6 19.Rh4 Be7 20.Ne4 Nxe4 21.Rxe4 Bf6 22.Rg4 Kf8
23.Rb1 Rd4 24.Rg3 Rd5 25.Qf3 Rf5 26.Qxc6 bxc6 27.Be1 Rb8 28.b3 Bd4 29.Kf1 h5
30.h4 Ke7 31.Rg5 Rxg5 32.hxg5 Kd7 33.Bd2 g6 34.Ke2 Re8 35.Rh1 Rh8 36.Rh4 Rb8
37.Be1 Rb5 38.Kd1 Be5 39.Kc1 Bc7 40.Kb2 Be5+ 41.Ka3 Bd6 42.Rc4 Be5 43.Ka4 Bd6
44.Bd2 Rb8 45.Rh4 Be7 46.Be3 Bd6 47.Rc4 Rb5 48.Re4 Rb8 49.Rh4 e5 50.c3 Ke6
51.Rc4 Kd5 52.f4 exf4 53.Re4 Be5 54.Bxf4 Bxf4 55.Rxf4 Re8  0-1